| 000 | 00668cab a2200241 4500 | ||
|---|---|---|---|
| 001 | WB3328-46 | ||
| 008 | 090401t1997 xxu||||| |||| 00| 0 eng d | ||
| 035 | _a(Sirsi) u79718 | ||
| 041 | _aeng | ||
| 245 | _aRegional regeneration | ||
| 260 | _c1997 | ||
| 350 | _a0 | ||
| 490 |
_aFinancial Times _v14 July 1997, 8(1) |
||
| 520 | _aThe Single Regeneration Budget has been used successfully in Huddersfield to revitalise the region. | ||
| 650 | _aFUNDING | ||
| 650 | _aHUDDERSFIELD | ||
| 650 | _aREGENERATION PROGRAMMES | ||
| 650 | _aSINGLE REGENERATION BUDGET | ||
| 650 | _aWEST YORKSHIRE | ||
| 690 | _aURBAN RENEWAL | ||
| 942 | _n0 | ||
| 948 | _c18/07/1997 | ||
| 999 |
_c50145 _d50145 |
||